000
00552nam a22001457a 4500
020
_a
9789351116325
082
_a
302.23
100
_a
Vivek Tyagi
245
_a
Global comparative media
260
_a
New Delhi
_b
Random publications
_c
2009
300
_a
291p
942
_c
BK
999
_c
2849
_d
2849